000
00328 a2200157 4500
001
56777
020
_a
9788508086924
040
_c
Anchieta - Pituba
100
_a
McCaughrean, Geraldine
240
1
0
_a
Odisséia
_l
por
245
1
0
_a
Odisséia
300
_a
136
362
0
_a
2008
650
4
_a
Literatura juvenil
942
_c
BK
999
_c
56777
_d
56777